Niederlandes Fußballer des Jahres - Statistiken

Allgemein
  • Dieses Quiz wurde 290 mal gespielt
  • Das Durchschnittsergebnis liegt bei 10 aus 37
Antwortstatistiken
Jahr Spieler Verein/e Nation % Korrekt
1986 Ruud Gullit PSV Eindhoven Niederlande
65%
1985 Marco van Basten Ajax Amsterdam Niederlande
62%
2019 Matthijs de Ligt Ajax Amsterdam Niederlande
60%
2021 Dusan Tadic Ajax Amsterdam Serbien
51%
1994 Ronald de Boer Ajax Amsterdam Niederlande
49%
1996 Ronald de Boer Ajax Amsterdam Niederlande
49%
1984 Johan Cruyff Feyenoord Rotterdam Niederlande
46%
1998/1999 Ruud van Nistelrooy PSV Eindhoven Niederlande
41%
2010 Luis Suárez Ajax Amsterdam Uruguay
40%
2018 Hakim Ziyech Ajax Amsterdam Marokko
39%
1988 Ronald Koeman PSV Eindhoven Niederlande
35%
2014 Daley Blind Ajax Amsterdam/Manchester United Niederlande
34%
1995 Danny Blind Ajax Amsterdam Niederlande
34%
1991 Dennis Bergkamp Ajax Amsterdam Niederlande
34%
1992 Dennis Bergkamp Ajax Amsterdam Niederlande
34%
1998 Edwin van der Sar Ajax Amsterdam Niederlande
34%
1987 Frank Rijkaard Ajax Amsterdam Niederlande
34%
2002/2003 Dirk Kuyt FC Utrecht Niederlande
32%
2006 Dirk Kuyt Feyenoord Rotterdam/FC Liverpool Niederlande
32%
1993 Jari Litmanen Ajax Amsterdamn Finnland
29%
2012 Jan Vertonghen Ajax Amsterdam/Tottenham Hotspur Belgien
21%
2015 Georginio Wijnaldum PSV Eindhoven/Newcastle United Niederlande
15%
2000/2001 Mark van Bommel PSV Eindhoven Niederlande
15%
2004/2005 Mark van Bommel PSV Eindhoven Niederlande
15%
1989 Romário PSV Eindhoven Brasilien
15%
2013 Wilfried Bony Vitesse Arnheim/Swansea City Elfenbeinküste
14%
2016 Davy Klaassen Ajax Amsterdam Niederlande
13%
1997 Jaap Stam PSV Eindhoven Niederlande
11%
2001/2002 Cristian Chivu Ajax Amsterdam Rumänien
8%
2008 Johnny Heitinga Ajax Amsterdam/Atlético Madrid Niederlande
8%
1999/2000 Jerzy Dudek Feyenoord Rotterdam Polen
5%
2003/2004 Maxwell Ajax Amsterdam Brasilien
5%
2007 Afonso Alves SC Heerenveen Brasilien
4%
2011 Theo Janssen Ajax Amsterdam/Vitesse Arnheim Niederlande
4%
1990 Jan Wouters Ajax Amsterdam Niederlande
3%
2009 Mounir El Hamdaoui AZ Alkmaar Marokko
2%
2017 Karim El Ahmadi Feyenoord Rotterdam Marokko
1%
Keine übereinstimmenden Quizze gefunden
Verteilung der Resultate
Anzahl Personen mit jedem Resultat
Perzentil nach korrekt beantworteten Fragen
Ihre Resultats-Entwicklung
Sie haben dieses Quiz noch nicht gespielt